01111nam a2200229Ia 4500999001500000003000400015005001700019008004100036040002100077041000800098082002100106100003100127245011600158260005100274300002900325490002400354520026400378650002800642700003400670942001200704952016500716 c4940d4940OSt20200408131731.0191128s1953 ag gr 000 0 spa d aCO-JMCRcCO-JMCR0 aspa04a301.11 /bC116r 1 aCabot, Hugh, eautor9282110aRelaciones humanas : bconceptos y casos en la ciencia social concreta : II casos /cHugh Cabot, Joseph A. Kahl aBuenos Aires : bBibliográfica Omeba, c1953 a335 páginas ; c19 cm.0 aAmérica en letras ala comprension de las relaciones humanas se fundamenta en la íntima relación entre la observación de los hechos sociales y la sistemática reflexión acerca de ellos. Si no partimos de una observación cuidadosa de los echos herméticos y complejos.14aRelaciones humanas98711 aJoseph A. Kahl, eautor92822 2ddccBK 00102ddc3Donación--15/04/2018--4070aCPLbCPLcGENd2019-11-28eDonacióng0.00l0o301.11 / C116r p430001040r2024-05-16 00:00:00tEj.2w2019-11-28yBK